| 000 | 01285cam a2200301 i 4500 | ||
|---|---|---|---|
| 003 | SA-RiAUC | ||
| 005 | 20250710143940.0 | ||
| 008 | 250710s1979 le g 000 0 ara c | ||
| 040 |
_aSA-JeALM _bara _cSA-RiAUC _erda |
||
| 082 | 0 | 4 | _a252.5 |
| 090 |
_a252.5 _bغ ا و |
||
| 100 | 1 |
_aغاوجي، وهبي سليمان، _d1923-2013 _eمؤلف. |
|
| 245 | 1 | 2 |
_aالحج وأحكامه يليه بحث في العمرة وأحكامها والزيارة النبوية وفق مذهب إمام أئمة الفقه أبي حنيفة النعمان رحمه الله تعالى / _cتأليف وهبي سليمان غاوجي. |
| 250 | _aالطبعة الاولى. | ||
| 264 | 1 |
_aبيروت : _bمؤسسة الرسالة، _c1979 |
|
| 300 |
_a259 صفحة. _c20 سم. |
||
| 336 |
_aنص _btxt _2rdacontent _3كتاب |
||
| 337 |
_aبدون وسيط _bn _2rdamedia |
||
| 338 |
_aمجلد _bnc _2rdacarrier |
||
| 440 | 0 |
_aأركان الإسلام _v5 |
|
| 600 | 1 | 7 |
_aأبو حنيفة، النعمان بن ثابت التيمي، _d80-150 هجري _2aucnm |
| 650 | 7 |
_aالحج _2aucsh |
|
| 650 | 7 |
_aالعمرة _2aucsh |
|
| 650 | 7 |
_aالفقه الحنفي _2aucsh |
|
| 650 | 7 |
_aالفقه الإسلامي _2aucsh |
|
| 942 |
_2ddc _cBOOK _n0 |
||
| 949 |
_aSA-JeALM _d250710 _uosman123 _n1 |
||
| 999 |
_c9749 _d9749 |
||